[Event "Tata Steel-B 79th"]
[Site "Wijk aan Zee"]
[Date "2017.01.16"]
[Round "3"]
[White "Ragger, Markus"]
[Black "Hansen, Eric"]
[Result "1-0"]
[WhiteElo "2697"]
[BlackElo "2603"]
[Annotator "John Upper"]
[PlyCount "47"]
[EventDate "2017.01.14"]
[EventType "tourn"]
[EventRounds "13"]
[EventCountry "NED"]
[EventCategory "14"]
[SourceTitle "CBM 177"]
[Source "ChessBase"]
[SourceDate "2017.03.16"]
[SourceVersion "1"]
[SourceVersionDate "2017.03.16"]
[SourceQuality "1"]

{[%mdl 32768]} 1. e4 e5 2. Nf3 Nc6 3. Bb5 Nf6 4. d3 {Ragger spent 0 seconds on
this anti-Berlin move.} d6 5. c3 Be7 6. O-O O-O 7. Re1 a6 8. Ba4 {[#]} Nd7 {
This frees the f-pawn to challenge White's center, and may allow ...Nc5-e6,
which White usually stops with Be3 or d3-d4.} ({A month later, in the online
PRO League, Eric's played the World Champion and continued:} 8... b5 9. Bc2 Re8
10. Nbd2 Bf8 11. Nf1 Nb8 12. d4 Nbd7 13. Ng3 Bb7 14. b3 g6 15. a4 Bg7 16. Bd3
d5 17. Bg5 dxe4 18. Bxe4 Bxe4 19. Nxe4 exd4 20. Nxd4 c5 21. Nc6 Qc7 22. Qd6
Qxd6 23. Nxd6 Rxe1+ 24. Rxe1 $11 {Black should is OK here, but White is
Carlsen, and this was a rapid game.} bxa4 (24... c4 $1) 25. bxa4 Bf8 26. Ne7+
Kg7 27. a5 Rb8 28. h3 Rb3 29. c4 Rd3 30. Bf4 Rd4 31. Bg3 h5 32. Kf1 Rd3 (32...
Ne4 $1 $11) 33. Bf4 Rd4 34. g3 Rd3 35. Ndc8 Bxe7 $2 36. Rxe7 Kf8 37. Bh6+ $18
Kg8 38. Be3 Ra3 39. Nd6 Rxa5 40. Kg2 Ra2 41. Rxf7 g5 42. Re7 g4 43. h4 a5 44.
Bh6 {1-0 (44) Carlsen,M (2840)-Hansen,E (2603) chess.com INT 2017}) 9. d4 {
Caution: Statistics About half the games that have reached this position it is
White to move (having saved a tempo with d2-d4), but this doesn't seem to make
much difference to the results -- 50% with Black winning as many as White.} ({
The following game is Viktor Kortchnoi's last-ever win over a 2600+ player:} 9.
Be3 Nb6 10. Bb3 Kh8 11. Nbd2 f5 12. Bxb6 cxb6 {[#]} 13. Bd5 $6 ({Later,
Caruana imrpoved with:} 13. exf5 Bxf5 14. d4 exd4 15. Nxd4 Nxd4 $11 {0-1 (32)
Anand,V (2783)-Caruana,F (2807) Saint Louis, 2017.}) 13... g5 $1 {"Not exactly
the typical move of an 79-year-old player, but there it is.... Korchnoi just
loves to jam his g-pawns forward. 13...g5!? isn't as crazy as it first appears,
since White has a hard time applying the principle: Meet a wing attack with a
counter in the centre." - Lakdawala, "Kortchnoi: Move by Move"} 14. h3 g4 $1
15. hxg4 fxg4 16. Nh2 Bg5 $15 17. Nc4 b5 18. Ne3 Bxe3 (18... h5 $1 $15) 19.
Rxe3 Qf6 20. Qe1 Ne7 21. f3 Nxd5 22. exd5 Rg8 23. Qg3 $2 gxf3 24. Qxf3 Bf5 $1
25. Rf1 Rg5 $1 26. Kh1 Qh6 $1 27. Rf2 Rag8 28. Re1 Qg6 (28... Rh5 $1 29. g3 Qg6
$19) 29. Re3 Bxd3 $19 {taking the B allows ...e4; White struggled on, but lost
0-1 (46) Caruana,F (2721)-Kortschnoj,V (2544) Gibraltar, 2011.}) 9... exd4 10.
cxd4 Nb6 11. Bb3 Bg4 12. Nc3 $14 {[#]} Kh8 $146 (12... Bf6 13. Be3 g6 14. Qd3
Bxf3 15. gxf3 Bg7 16. Rad1 Kh8 (16... Qh4 $5) 17. f4 Qh4 18. Qe2 Ne7 19. Kh1 d5
20. e5 $16 {1/2-1/2 (41) Van Foreest,J (2548)-Short,N (2678) Douglas 2015}) 13.
Be3 f5 $1 14. exf5 {Eric had a long think here, and produced a lemon. [#]} Bf6
$2 (14... Bxf5 $2 15. d5 Ne5 (15... Na5 16. Bxb6 Nxb3 17. Qxb3 cxb6 18. Nd4 $18
) 16. Nd4 Qd7 17. Ne6 $18) (14... d5 $8 $14 {Black will recover the f-pawn
with a roughly balanced game.}) 15. Ne4 $18 ({White also has} 15. Be6 $1 {
Simply saving the pawn with a huge advantage} Ne7 16. Qd3 Bxf3 17. gxf3 $16 {
White'd tripled pawns look weird, but how will Black get his Ns into the game?}
) 15... Bxf3 (15... Bxf5 16. Nxf6 Qxf6 17. d5 Ne5 (17... Ne7 $2 18. Bg5 $18) (
17... Na5 18. Rc1 $16) 18. Nxe5 dxe5 19. Rc1 $16) 16. Qxf3 Nxd4 17. Bxd4 Bxd4
18. Rad1 $18 {[#] Black's Nb6 and ra8 are out of play, while all of White's
pieces are centralized and ready to go for Black's K, where White also has a
4v2 majority.} c5 $1 {Weakens d6 but supports the B and keeps the d-file
blocked.} (18... Bxb2 19. Nc5 $18 {and Ne6 is lights out.}) 19. Qh5 h6 (19...
Qe8 20. Qxe8 (20. Qg4 $1) 20... Rd8 21. Nxd6 $18) (19... Nd7 20. Nxd6 (20. Ng5
$4 Bxf2+ $1 $15) 20... Nf6 21. Nf7+ $18) 20. Qg6 (20. f6 $1 {is also resignable
} Bxf6 (20... Rxf6 21. Nxf6 Qxf6 22. Re8+ $18) 21. Nxd6 $18 (21. Rxd6 $18))
20... d5 {[#]} 21. f6 $1 $18 Qc7 (21... Bxf6 22. Nd6 (22. Nxc5 $18) 22... Qxd6
23. Bc2 $18) (21... Rxf6 22. Nxf6 Qxf6 23. Re8+ Rxe8 24. Qxe8+ Kh7 25. Rd2 (25.
Bc2+ g6 26. Kh1 $3 $18 {stepping out of the checks on f2 allows Re1-e7.}) 25...
Nc4 26. Re2 Nd6 27. Bc2+ $18) 22. Ng5 $1 gxf6 (22... hxg5 23. Re7 $18) 23.
Qxh6+ Kg8 24. Ne6 1-0

[Event "79th Tata Steel 'B'"]
[Site "Wijk aan Zee"]
[Date "2017.01.21"]
[Round "7.1"]
[White "Lei Tingjie"]
[Black "Hansen, Eric"]
[Result "1/2-1/2"]
[WhiteElo "2467"]
[BlackElo "2603"]
[Annotator "Eric Hansen"]
[PlyCount "81"]
[EventDate "2017.01.14"]
[EventCountry "NED"]

{As I started finding my rhythm in the second half of the tournament, it
became apparent that I needed to score a couple wins with Black to catch up to
the leaders. Naturally, this was one of those games.} 1. d4 {[%mdl 32768]} Nf6
2. c4 g6 3. g3 Bg7 4. Bg2 d5 {[#] I went for the Grunfeld against her because
she had a pretty poor and unpredictable record against it.} 5. cxd5 Nxd5 6. Nf3
O-O 7. O-O Nc6 8. e4 (8. Nc3 Nb6 9. e3 Re8 {is considered the main line these
days.}) 8... Nb6 9. d5 Na5 10. Nc3 c6 11. Bf4 {[#]} Nac4 (11... cxd5 12. Nxd5
Nxd5 13. exd5 Nc4 14. b3 Nb6 15. d6 exd6 16. Nd4 d5 17. Rc1 Bd7 18. Qd2 Qf6 19.
Be3 Qd6 20. a4 $14 {White went on to win a nice game in Hammer,J-Grandelius,N,
Oslo 2015.}) 12. dxc6 (12. Qe2 cxd5 13. exd5 Bg4 14. h3 Bxf3 15. Bxf3 Nd6 16.
Rfe1 Re8 {White has a space advantage but Black was able to hold the knight
blockade on d6 and the game in Carlsen,M-Wei Yi, Bilbao 2016.}) 12... Qxd1 (
12... bxc6 $6 13. Qc2 {Black has issues dealing with the incoming rook to d1.}
e5 (13... Nxb2 $5 14. Qxb2 Na4 15. Nxa4 Bxb2 16. Nxb2 $14 {In practical play
the three pieces tend to do better than the Queen when there is a lot of play
left on the board.}) 14. Rad1 Qe7 15. Bc1 $14 {White is seriously better both
due to the pawn structure and the incoming b3 which will put the knights in
awkward spots.}) 13. Nxd1 bxc6 (13... e5 14. Bc1 ({incorrect is} 14. cxb7 $6
Bxb7 {when Black regains the pawn with great activity.})) {At first glance,
Black has great activity while White is a bit far off from attacking the c6
weakness.} 14. e5 {[#] Played immediately. It looks like this was in my
opponent's preparation. Often it is easier to prepare long lines against the
Grunfeld due to the forcing nature of some variations. White is now
threatening to play Rc1 and b3 with immediate pressure.} Nd5 {Logically taking
the square that is now available after White's last move.} 15. Rc1 Ncb6 ({
Playable but hard to see was:} 15... Nxf4 16. gxf4 Nb6 17. Nd4 {Analysis
Diagram [#]} Bd7 (17... Nd5 18. Nxc6 Nxf4 $11) 18. Ne3 (18. Nxc6 Bxc6 19. Rxc6
Rac8 20. Ne3 Rxc6 21. Bxc6 Bh6 22. f5 Bxe3 23. fxe3 Nc4) (18. Bxc6 {This
capture bothered me the most and ultimately disuaded me from calculating
further. But upon further analysis, I tend to agree with the evaluation that
Black has full compensation after} Rad8 {The active pieces, f4 weakness, and
White's slight development lag contribute toward this; e.g.} 19. Nc3 Bg4 $44))
16. Nd4 (16. Bd2 $1 $14 {White should take the opportunity to preserve the
bishop.} Ba6 17. Re1 Rac8 18. Rc5 $1 {This key move puts Black in a bind and
ultimately gives White the strategic edge without allowing tactics.}) ({
editor - White temporarily wins a pawn with} 16. Rxc6 {but after} Nxf4 17. gxf4
Nd5 $15 {Black gets the pawn back and keeps the B pair.}) 16... Bd7 17. Re1 (
17. Nxc6 Bxc6 18. Rxc6 Nxf4 19. gxf4 Rac8 $44 {Black is ready to challenge the
c-file and play ...Bh6.}) 17... Rac8 18. Bd2 (18. Rc5 Nxf4 19. gxf4 Bh6 $132)
18... c5 19. Nb3 c4 20. Na5 {[#]} Be6 ({I hesitated from} 20... Rc5 21. b4 (21.
Nb3 $11) 21... Rc7 ({Strong is} 21... c3 22. Nxc3 Nxb4 $11) 22. Bxd5 Nxd5 23.
Rxc4 Rxc4 24. Nxc4 {Black has decent compensation with the bishop pair but I
wasn't sure it was enough.}) 21. Bf1 Rfd8 22. Nxc4 (22. f4 Rc7 23. Nxc4 Nxc4
24. Rxc4 Rxc4 25. Bxc4 Nxf4 26. Ba5 Rd7 27. Bb5 Nh3+ 28. Kg2 Rd5 29. Nc3 Rd2+
30. Re2 Rxe2+ 31. Bxe2 Bxe5 $15) 22... Nxc4 {We were both in early time
trouble at this point so I thought it was time to take some tactical chances.}
23. Rxc4 (23. Bxc4 Rxc4 24. Rxc4 Nb6 25. Rc2 Bf5 $17) 23... Nc7 {When I played
this I thought I was winning for a brief moment} 24. Rxc7 Rxd2 25. Rxc8+ Bxc8
$36 {[#] At this point I rated my position as preferable. Black's rook on the
second rank and bishop potential mean that White has to be precise.} 26. a3 {
White tries to make a useful pass.} ({A logical alternative was} 26. f4) 26...
Bh6 (26... Bxe5 $6 27. Rxe5 Rxd1 28. Kg2 Bb7+ 29. f3 Bxf3+ 30. Kxf3 Rxf1+ 31.
Kg2 Rc1 32. Rxe7 Rc2+ 33. Kg1 Rxb2 34. Rxa7 $11 {is not a good way to play for
a win as Black.}) (26... Kf8 27. Nc3 Rxb2 28. Rd1 $5 Bxe5 29. Rd8+ Kg7 30. Rxc8
Rc2 $13) (26... Be6 $5 27. f4 Bb3 28. Ne3 Rxb2 29. Rc1 Bf8 {Ideally, Black
wants to get in e6, h5, and Kg7 with a rook on the 2nd rank.} 30. Nc4 Ra2 31.
Rc3 Bxc4 32. Bxc4 Ra1+ 33. Kg2 e6 34. Bb5 {this is a decent try for Black,
although with correct play White should hold fairly easily.}) 27. h4 {Another
useful pass from White which prepares to lock down the kingside with f4} ({
I was hoping for} 27. f4 g5 28. fxg5 Bxg5 $40) 27... Be6 28. f4 {White locks
my dark-squared bishop down and gains enough time to get counterplay.} (28. b4
Ra2 {get the a-pawn.}) 28... Bb3 29. Ne3 Rxb2 30. Rc1 Bf8 31. Rc8 {[#] If
Black manages to free up both bishops the position will be untenable for White.
However, she has done an excellent job of preventing this -- and with only one
minute on the clock!} Ra2 ({I considered} 31... e6 {too risky in light of} 32.
Ng4 Kg7 33. Nf6 Bxa3 $2 (33... Ra2 $142 34. h5 $1) 34. Rg8+ Kh6 35. Be2 $3 (35.
g4 $2 Bc5+ $8 36. Kh1 Bd5+ $8 $15) 35... Rxe2 36. g4 $18 {Checkmate is
unstoppable!}) 32. Rc3 ({Also playable was} 32. Bc4 Rxa3 33. Bxb3 Rxb3 34. Kf2
$11 {White's activity on the kingside is too much.}) 32... Ba4 (32... Rxa3 $4
33. Nc4) 33. e6 $6 {During the game this move seemed very good to me.} fxe6 (
33... f5 34. Nd5 $36) 34. Bc4 Ra1+ 35. Kf2 Kf7 36. Ng4 Bg7 37. Ne5+ Bxe5 38.
fxe5 {[#]} Bc6 $2 ({I missed a big chance with..} 38... Bd1 $1 {I actually
considered the move, but intuitively I thought that putting my pawns all on
light squares was asking for too much.} 39. Ke3 Bg4 40. Kf4 h5 {It turns out
Black puts the bishop on f5 and keeps some serious winning chances. The goal
would be to eventually try to get ...g5 in after kicking White's king away.})
39. Bxe6+ Kxe6 40. Rxc6+ Kxe5 41. Ra6 {Pushing with Black isn't such a bad
thing. But this game I needed to win, and missing 38...Bd1 was a hard one to
shake off. I ended up analyzing the move for two hours and came to the
conclusion that it was a serious winning opportunity that I missed.} 1/2-1/2

[Event "79th Tata Steel 'B'"]
[Site "Wijk aan Zee"]
[Date "2017.01.24"]
[Round "9.6"]
[White "Hansen, Eric"]
[Black "Dobrov, Vladimir"]
[Result "1-0"]
[WhiteElo "2603"]
[BlackElo "2499"]
[Annotator "Eric Hansen"]
[PlyCount "54"]
[EventDate "2017.01.14"]
[EventCountry "NED"]

{[%mdl 32768] Dobrov was the only lower-rated player who I had White against.
I definitely considered it a must win.} 1. e4 e6 2. d4 d5 3. Nc3 Nf6 4. Bg5 {
[#] This line has fallen out of fashion but both Robin (van Kampen) and myself
have stayed loyal to it.} dxe4 5. Nxe4 Be7 6. Bxf6 Bxf6 7. Nf3 Nd7 8. Qd2 {[#]}
b6 {Already an inaccuracy but neither of us knew this.} ({Standard is} 8... Be7
9. O-O-O O-O 10. h4 {with a sharp middlegame.}) 9. O-O-O ({Superior was..} 9.
Bb5 $1 Bb7 (9... O-O 10. Bc6 Rb8 11. O-O-O Be7 12. Kb1 Nf6 13. Ne5 $16) 10.
Nxf6+ gxf6 11. Qc3 $14 {Black has a worse structure and White has annoying
moves such as ...Bc6.}) 9... Bb7 10. Qf4 {I went for this setup because I
thought I had seen it before. I want to follow with Bc4 and d5 if possible.}
Qe7 11. Bc4 O-O-O 12. Rhe1 {[#]} Kb8 ({Korchnoi opted for} 12... Nf8 13. g3 Ng6
14. Qe3 Kb8 15. h4 Qb4 16. Bb3 h6 17. Qe2 Qa5 18. c3 Qh5 19. Nfd2 Qxe2 20. Rxe2
h5 {and Black managed to equalize in Vallejo Pons-Korchnoi, Biel 2002.}) 13. c3
{At this point White has a pretty good grip on the position. Black needs to
act fast before d4-d5 hurts. Black actually has a lot of decent choices:} (13.
Kb1 h6 (13... Qb4 14. Bb3 Qa5 $14) (13... e5 14. Nxf6 Qxf6 15. Qxf6 gxf6 16.
Bxf7 exd4 17. Rxd4 Bxf3 18. gxf3 Ne5 $11) 14. h4 g5 (14... Rhe8 15. c3 e5 $13)
(14... Rhg8 15. h5 g5 16. hxg6 Rxg6 $11) 15. hxg5 hxg5 16. Nfxg5 Rdg8 17. Nxf6
Nxf6 18. Nxf7 Qxf7 19. Bxe6 Qg7 20. Bxg8 Rxg8 21. Rd3 $14) 13... h6 ({Not} 
13... e5 14. Nxf6 gxf6 15. Qf5 Rhg8 16. g3 $16) 14. h4 {[#]} Rhg8 {A mistake.
Black had to follow through.} ({Better was} 14... g5 $1 15. hxg5 hxg5 16. Nfxg5
(16. Nexg5 Rdg8 17. Ne4 (17. Nxf7 Qxf7 18. Bxe6 Qf8 19. Bxg8 Qxg8 $15) 17...
Rxg2 18. Nxf6 Qxf6 19. Qxf6 Nxf6 20. Ne5 Rhh2 21. Rh1 $11) 16... Rdg8 (16...
Rhg8 17. Nxf6 Nxf6 18. Nxe6 $18) 17. Nxf6 Nxf6 {The critical line is} 18. Nxf7
Qxf7 19. Bxe6 Qg7 20. Bxg8 Rxg8 21. g3 Rf8 $11 {With the Queens on the board I
feel the position is close to dynamically equal.}) 15. h5 g5 16. hxg6 Rxg6 {
[#] Black has compromised his structure but is ready to play both ...Rxg2 and .
..Bg5. White needs to act fast.} 17. d5 (17. g3 Bg5 18. Nexg5 hxg5 19. Qe3 g4
20. Nh4 Rg5 $11) 17... Bg5 ({Much better was} 17... Nf8 18. Nxf6 Qxf6 19. Qxf6
Rxf6 20. dxe6 Rxd1+ 21. Rxd1 Nxe6 22. Bxe6 Rxe6 23. Rd8+ Bc8 {White can claim
a symbolic edge due to the pawn structure, but as soon as Black plays ...c5
and ...Kc7 I don't see enough for White. For example, the Rook can camp on f6
annoyingly.}) 18. Nfxg5 (18. Nexg5 hxg5 19. Qg3 $14) 18... hxg5 19. d6 (19.
Qxc7+ Kxc7 20. d6+ Qxd6 21. Nxd6 {with the same position as the game, except
the King is on c7 which shouldn't help White.}) 19... cxd6 20. Qxd6+ Qxd6 21.
Nxd6 {[#]} Bc6 $2 {A time trouble blunder although the alternatives are not so
simple:} (21... Rf6 22. Nxb7 Kxb7 23. Rd2 $18 {Black is paralyzed.}) ({The
critical line is:} 21... Rg7 22. Nxb7 Kxb7 23. Bb5 Kc7 24. Re4 Nc5 25. Rxd8
Nxe4 (25... Kxd8 26. Rd4+ Kc8 27. b4 Nb7 28. Ba6 $16) 26. Rd7+ Kb8 {Analysis
Diagram [#] I didn't look any further than here because I assumed this would
be a fantastic endgame.} 27. Kc2 Nf6 (27... Nxf2 28. Ba6 $18 Ne4 29. Rb7+ Ka8
30. Rc7 Rg8 31. Rxf7 $18) 28. Re7 Nd5 29. Re8+ Kb7 30. c4 Nb4+ 31. Kd2 $16 {
I give White a big plus since Re7 cannot be stopped.}) 22. Nxf7 Rf8 23. Bxe6
Nc5 24. Bc4 b5 25. Ne5 {It is all but over.} bxc4 26. Nxg6 Rxf2 27. Ne5 Kc7 {
One of my smoothest victories of the event because it was a fairly complete
game: I achieved a small plus, played the middle game well, put severe
pressure on my opponent's clock, and converted my chances.} (27... Be4 28. Nd7+
Nxd7 29. Rxe4 $18) 1-0

[Event "Tata Steel-B 79th"]
[Site "Wijk aan Zee"]
[Date "2017.01.25"]
[Round "10"]
[White "Lu, Shanglei"]
[Black "Hansen, Eric"]
[Result "0-1"]
[WhiteElo "2612"]
[BlackElo "2603"]
[Annotator "John Upper"]
[PlyCount "40"]
[EventDate "2017.01.14"]
[EventType "tourn"]
[EventRounds "13"]
[EventCountry "NED"]
[EventCategory "14"]
[SourceTitle "CBM 177"]
[Source "ChessBase"]
[SourceDate "2017.03.16"]
[SourceVersion "1"]
[SourceVersionDate "2017.03.16"]
[SourceQuality "1"]

1. Nc3 d5 2. e4 dxe4 {Transposing to a Scandinavian.} 3. Nxe4 {[#]} Nf6 (3...
Bf5 4. Qe2 {threatening Qb5+} Nd7 5. d3 e6 (5... Ngf6 6. Nxf6+ Nxf6) 6. g4 $1
Bg6 7. h4 h5 8. g5 Ne7 9. Bd2 Nc6 10. O-O-O Be7 11. Bc3 O-O 12. Nh3 {1/2-1/2 
(102) Lu,S (2599)-Topalov,V (2813) Baku 2015}) (3... e5 4. Bc4 Nc6 5. d3 h6 6.
Bd2 Nf6 7. Nf3 Nxe4 8. dxe4 Bd6 9. h3 Qe7 10. Qe2 Be6 11. O-O-O Bxc4 12. Qxc4
Bc5 13. Be3 $11 Bb6 $5 {1/2-1/2 (27) Lu,S (2640)-Harikrishna,P (2727) China
2018}) (3... Nd7 4. d4 Ngf6 5. Bd3 Nxe4 6. Bxe4 Nf6 7. Bf3 c6 {with something
like a Fort Knox variation in the French.} 8. Ne2 Bg4 9. Bxg4 Nxg4 10. h3 Nf6
11. c4 e6 12. O-O Be7 13. b3 O-O 14. Bb2 Qc7 {1/2-1/2 (55) Mamedyarov,S (2801)
-Giri,A (2782) chess.com INT 2018}) 4. Nxf6+ exf6 5. d4 Bd6 6. Bd3 O-O 7. c3 {
[#] White has no weaknesses, while Black has a slight lead in development and
a difficult-to-breakdown kingside pawn structure.} Re8+ (7... Nc6 8. Ne2 f5 9.
Qc2 Qf6 10. Bd2 h6 11. O-O-O $5 a5 12. Ng3 Ne7 13. f3 a4 14. Kb1 c5 15. dxc5
Bxc5 16. Rhe1 Rd8 17. Bf4 Be6 18. Be5 Qg6 19. Ne2 Nd5 (19... Bxa2+ $1) 20. Nd4
Bxd4 21. Bxd4 Nb4 $1 22. cxb4 Rxd4 $17 {1/2-1/2 (46) Topalov,V (2772)-Kramnik,
V (2783) Norway blitz, 2014,}) (7... c5 $5 {is an interesting sac} 8. dxc5 Bxc5
$11 9. Bxh7+ $6 (9. Ne2 $11) 9... Kxh7 10. Qh5+ Kg8 11. Qxc5 Re8+ (11... b6 $5)
12. Be3 Qd3 $44) 8. Ne2 c5 9. Be3 Nd7 10. Qc2 g6 11. O-O-O Qc7 12. Qd2 c4 $1
13. Bb1 Nb6 {[%mdl 32832] [#]Critical Position} 14. h4 $2 {Thematic, but
apparently the losing move.} ({White had to prevent Black's next move with} 14.
d5 $1) 14... Nd5 $1 {Attacking Be3 and supporting ...f5-f4 when Black has
material-winning pressure on the e-file.} 15. h5 Bg4 $1 16. Rh4 f5 17. Rdh1 {
[#]} Re7 $1 {Simply doubling on the e-file, with the bonus of protecting along
the 7th.} (17... Bxe2 $2 18. hxg6 $8 (18. Qxe2 $2 g5 $19 (18... f4 $2 19. hxg6
$1 fxe3 20. Rxh7)) 18... Nxe3 (18... fxg6 $2 19. Rxh7 $16 Qxh7 20. Rxh7 Kxh7
21. Qxe2 {and here} f4 {fails to both Qxc4 and Qh5+.}) 19. fxe3 fxg6 (19... Bd3
20. Bxd3 hxg6) 20. Rxh7 Qxh7 21. Rxh7 Kxh7 22. Qxe2 Bf4 23. Qxc4 $16) (17...
Re6 18. hxg6 fxg6 19. Rxh7 Qxh7 20. Rxh7 Kxh7 21. f3 Rae8) 18. Bc2 (18. f3 {
doesn't save White, since Black has both the simple} Bxh5 $19 ({and the
ruthless} 18... Rxe3 19. fxg4 Rxe2 20. Qxe2 Bf4+ 21. Kd1 Ne3+ $19)) 18... Rae8
19. Ba4 Rxe3 {Not the only winning move, but the most forcing.} (19... Nxe3 20.
Bxe8 Nxg2 $19) 20. hxg6 (20. fxe3 Rxe3 {with extra material and threats on e2
and the c1-f4 diagonal.}) 20... fxg6 {A miniature win over a 2600+ player! It
may be sign of Eric's high standards that he chose not to annotate this game
-- which was more-or-less decided by finding the correct plan after ....Nd5 --
and opted for games with more fight in them.} 0-1